logo

Bir Sreshtho Munshi Abdur Rouf Library
Jhenaidah Cadet College

Beneath the oceans / (Record no. 9933)

MARC details
000 -LEADER
fixed length control field 00773nam a22002772 4500
001 - CONTROL NUMBER
JCCL Control Number 9933
003 - CONTROL NUMBER IDENTIFIER
JCCL marc code BD - JhCC
005 - DATE AND TIME OF LATEST TRANSACTION
control field 20180403131039.0
008 - FIXED-LENGTH DATA ELEMENTS--GENERAL INFORMATION
fixed length control field 180403s1972 enkabc 001 0 eng d
020 ## - INTERNATIONAL STANDARD BOOK NUMBER
International Standard Book Number 0356039811
035 ## - SYSTEM CONTROL NUMBER
system control number OCLC ocm16250649 from D970630M
-- (BD - JhCC)9933
040 ## - CATALOGING SOURCE
Original cataloging agency UKM
Transcribing agency UKM
Modifying agency EQO
041 ## - LANGUAGE CODE
Language code of Book eng
050 1# - LIBRARY OF CONGRESS CALL NUMBER
Classification number GC21
082 0# - DEWEY DECIMAL CLASSIFICATION NUMBER
Classification number 551.4/6
DDC Edition number 18
Author mark and Year AND 1972
100 1# - MAIN ENTRY--PERSONAL NAME
Personal name Andrews, Keith.
245 10 - TITLE STATEMENT
Title Beneath the oceans /
Statement of responsibility, etc Keith Andrews.
260 ## - PUBLICATION, DISTRIBUTION, ETC. (IMPRINT)
Place of publication, distribution, etc London :
Name of publisher, distributor, etc Macdonald and Co.,
Date of publication, distribution, etc 1972.
300 ## - PHYSICAL DESCRIPTION
Pagination 48 p. :
Other physical details ill. (some col.), col. maps, ports. ;
Dimensions 29 cm.
490 1# - SERIES STATEMENT
Series statement [Visual books]
500 ## - GENERAL NOTE
General note Includes index.
650 #0 - SUBJECT ADDED ENTRY--TOPICAL TERM
Topical term or geographic name as entry element Oceanography
General subdivision Juvenile literature.
830 #0 - SERIES ADDED ENTRY--UNIFORM TITLE
Uniform title Visual books.
942 ## - ADDED ENTRY ELEMENTS (KOHA)
Source of classification or shelving scheme Dewey Decimal Classification
Koha item type Reference
Holdings
Source of classification or shelving scheme Damaged status Not for loan Home library Current library Shelving location Date of accession Total Checkouts Full call number Barcode Date last seen Copy number Koha item type
Dewey Decimal Classification     JCC Rouf Library JCC Rouf Library General Stacks 04/03/2018   551.4/6 AND 1972 13398 04/03/2018 C-1 Reference

JCC Library | Contacts | JCC Home

Last Update on 23 September 2017
Copyright @ 2017-2020 JCC Rouf Library
Rouf Library, Jhenidah Cadet College (JCC), Bangladesh